| 000 | 00514nam a22001937a 4500 | ||
|---|---|---|---|
| 003 | MPLRDC | ||
| 005 | 20220104123417.0 | ||
| 008 | 210129b ||||| |||| 00| 0 eng d | ||
| 020 | _a7-5019-0319-0 | ||
| 082 | _a437.111 TCX | ||
| 100 | _a丁纯孝、周奇文编译 | ||
| 245 |
_a实用饲料配方及加工技术50例 _c |
||
| 250 | _a一版一刷 | ||
| 260 |
_a _b轻工业出版社 _c1988 |
||
| 300 | _b平 | ||
| 490 | _a中国农村致富丛书. 3 | ||
| 650 | _a家畜饲养 | ||
| 942 |
_cBK _o437.111 TCX |
||
| 999 |
_c11214 _d11204 |
||